000 00546nam a2200229Ia 4500
003 OSt
005 20220918203929.0
006 a|||||r|||| 00| 0
007 ta
008 220917b |||||||| |||| 00| 0 eng d
024 _a110,341
037 _cTextual
040 _aARTS
_cARTS
_beng
041 _2eng
_aeng
082 _aV46:1:D, B9
100 _aRawlinson G
_9110153
245 0 _aHistory of phonicia
260 _c1809
650 _aHISTORY
942 _hV46:1:D, B9
_cTEXL
_2CC
999 _c233691
_d233691